| 000 | 01180nam0a22002411 4500 | ||
|---|---|---|---|
| 001 | rc\3091 | ||
| 005 | 20260406105615.0 | ||
| 035 | _a(NLR Aleph) 005293468 | ||
| 090 |
_a6214568 _c6214568 |
||
| 100 | _a20021204d1993 |||y0rusy50 ca | ||
| 101 | 0 | _arus | |
| 102 | _aRU | ||
| 105 | _ay ||||||||| | ||
| 200 | 1 |
_aЗаконодательная и нормативно-правовая база развития образования в странах ближнего зарубежья _eАналит. докл. _fРос. акад. образования _gИн-т теорет. педагогики и междунар. исслед. в образовании _g[Подгот. В.А. Мясников и др.] |
|
| 210 |
_aМ. _cИТПИМИО _d1993 |
||
| 215 |
_a124 с. _d20 |
||
| 702 | 1 |
_aМясников _bВ.А. _gВладимир Афанасьевич _4570 |
|
| 712 | 0 | 2 |
_aИнститут теоретической педагогики и международных исследований в образовании _cМосква _3RU\NLR\AUTH\884540 _9280605 |
| 801 | 0 |
_aRU _bNLR _gpsbo |
|
| 801 | 1 |
_aRU _bELAR _2rusmarc |
|
| 852 |
_aNLR _j94-3/2040 |
||
| 942 | _cBOOK | ||
| 980 | _aNB | ||